History of the Zoumi (Chin) race (Record no. 7554)

MARC details
000 -LEADER
fixed length control field 00432nam a22001697a 4500
003 - CONTROL NUMBER IDENTIFIER
control field GBCCL
005 - DATE AND TIME OF LATEST TRANSACTION
control field 20241126110631.0
008 - FIXED-LENGTH DATA ELEMENTS--GENERAL INFORMATION
fixed length control field 180823b ||||| |||| 00| 0 eng d
040 ## - CATALOGING SOURCE
Transcribing agency gbc
082 ## - DEWEY DECIMAL CLASSIFICATION NUMBER
Classification number 954.004954
Item number VUM
100 ## - MAIN ENTRY--PERSONAL NAME
Personal name Vumkhohau
9 (RLIN) 13358
245 ## - TITLE STATEMENT
Title History of the Zoumi (Chin) race
260 ## - PUBLICATION, DISTRIBUTION, ETC.
Date of publication, distribution, etc. 1990.
Place of publication, distribution, etc. Lamka:
Name of publisher, distributor, etc. Zougam research publications,
300 ## - PHYSICAL DESCRIPTION
Extent 32p. ;
650 ## - SUBJECT ADDED ENTRY--TOPICAL TERM
Topical term or geographic name entry element Zomi
Form subdivision History
9 (RLIN) 3425
942 ## - ADDED ENTRY ELEMENTS (KOHA)
Source of classification or shelving scheme Dewey Decimal Classification
Koha item type Books
Holdings
Withdrawn status Lost status Source of classification or shelving scheme Damaged status Not for loan Home library Current Library Shelving location Date acquired Total checkouts Full call number Barcode Date last seen Copy number Price effective from Koha item type
    Dewey Decimal Classification     GRACE BIBLE COLLEGE GRACE BIBLE COLLEGE North East Collection 2018-08-23   954.004954 VUM 002835 2025-05-01 c.1 2018-08-23 Books
    Dewey Decimal Classification     GRACE BIBLE COLLEGE GRACE BIBLE COLLEGE North East Collection 2018-08-23   954.004954 VUM 002868 2025-05-01 c.2 2018-08-23 Books
    Dewey Decimal Classification     GRACE BIBLE COLLEGE GRACE BIBLE COLLEGE North East Collection 2018-09-04   954.004954 VUM 002981 2025-05-01 c.3 2018-09-04 Books
© Grace Bible College Library 2025